Catálogo de escritoras feministas actuales en lengua castellana / (Record no. 13651)

MARC details
000 -LEADER
campo de control de longitud fija 00864nam a22002535i 4500
001 - NÚMERO DE CONTROL
campo de control 13651
003 - IDENTIFICADOR DE NÚMERO DE CONTROL
campo de control ES-MaACL
005 - FECHA Y HORA DE LA ÚLTIMA TRANSACCIÓN
campo de control 20250803081739.0
007 - CAMPO FIJO DE DESCRIPCIÓN FÍSICA--INFORMACIÓN GENERAL
campo de control de longitud fija t|
008 - DATOS DE LONGITUD FIJA--INFORMACIÓN GENERAL
campo de control de longitud fija 930322s1992 sp c |||| |dspa d
020 ## - NÚMERO INTERNACIONAL ESTÁNDAR DEL LIBRO
Número Internacional Estándar del Libro 84-451-0575-2
080 ## - NÚMERO DE LA CLASIFICACIÓN DECIMAL UNIVERSAL
Número de la Clasificación Decimal Universal 013(460)"19"
080 ## - NÚMERO DE LA CLASIFICACIÓN DECIMAL UNIVERSAL
Número de la Clasificación Decimal Universal 929-055.2(460)"19"
100 1# - ENTRADA PRINCIPAL--NOMBRE DE PERSONA
Nombre de persona Falcón, Lidia,
Fechas asociadas al nombre 1935-
9 (RLIN) 48707
245 10 - MENCIÓN DEL TÍTULO
Título Catálogo de escritoras feministas actuales en lengua castellana /
Mención de responsabilidad, etc. Lidia Falcón, Elvira Siurana.
246 34 - FORMA VARIANTE DEL TITULO
Título propio/Titulo breve Escritoras feministas
260 ## - PUBLICACIÓN, DISTRIBUCIÓN, ETC.
Lugar de publicación, distribución, etc. Madrid :
Nombre del editor, distribuidor, etc. Comunidad, Dirección General de la Mujer,
Fecha de publicación, distribución, etc. [1992]
300 ## - DESCRIPCIÓN FÍSICA
Extensión 95 p. ;
Dimensiones 24 cm.
650 14 - PUNTO DE ACCESO ADICIONAL DE MATERIA--TÉRMINO DE MATERIA
Término de materia o nombre geográfico como elemento de entrada Escritoras españolas-
Subdivisión de forma Biobibliografías.
9 (RLIN) 145636
700 1# - ENTRADA AGREGADA--NOMBRE PERSONAL
Nombre de persona Siurana, Elvira
9 (RLIN) 106716
710 1# - ENTRADA AGREGADA--NOMBRE DE ENTIDAD CORPORATIVA
Nombre de entidad corporativa o nombre de jurisdicción como elemento de entrada Madrid (Comunidad Autónoma).
Unidad subordinada Dirección General de la Mujer.
9 (RLIN) 5615
852 ## - LOCALIZACIÓN
Ubicación ES-MaACL
Número de control de estantería L-21036
Holdings
Estatus retirado Estado de pérdida Estado de daño No para préstamo Biblioteca de origen Biblioteca actual Ubicación en estantería Fecha de adquisición Fuente de adquisición Total de préstamos Signatura topográfica completa Código de barras Visto por última vez Precio de reemplazo Tipo de ítem Koha
        Biblioteca del Ateneo de Madrid Biblioteca del Ateneo de Madrid Depósito 2 17/01/2008     L-21036 1013895 23/02/2023 23/02/2023 Libro impreso